Produkčné faktory produkcie poistných informácií. Opis a všeobecné vlastnosti.
Produkčné faktory - špeciálne informácie poistného podnikania. Produkčné procesy potrebné na vytváranie a spracovanie informácií. Médiá informačného spracovania - ľudské a strojové. Informačné produkty. Použitie faktorov špecifických z hľadiska poisťovníctva. Príklad: klasifikácia vstupu informácií...
Enregistré dans:
| Auteur principal: | |
|---|---|
| Format: | Chapitre de livre |
| Langue: | slovaque |
| Sujets: | |
| Tags: |
Pas de tags, Soyez le premier à ajouter un tag!
|
MARC
| LEADER | 00000naa a2200000 4500 | ||
|---|---|---|---|
| 001 | r013748 | ||
| 005 | 20221205080822.0 | ||
| 041 | 0 | |a slo | |
| 044 | |a SK | ||
| 245 | 1 | 0 | |a Produkčné faktory produkcie poistných informácií. |b Opis a všeobecné vlastnosti. |c Z. Miková |
| 520 | |a Produkčné faktory - špeciálne informácie poistného podnikania. Produkčné procesy potrebné na vytváranie a spracovanie informácií. Médiá informačného spracovania - ľudské a strojové. Informačné produkty. Použitie faktorov špecifických z hľadiska poisťovníctva. Príklad: klasifikácia vstupu informácií pre produkčnú úlohu spracovania škôd využitím automatizovaného spracovania dát. Opis informačnej úlohy poisťovateľa. | ||
| 610 | 2 | 0 | |a poisťovníctvo |
| 610 | 2 | 0 | |a podnikanie |
| 610 | 2 | 0 | |a systémy informačné |
| 610 | 2 | 0 | |a AIS |
| 610 | 2 | 0 | |a spracovanie dát |
| 100 | 1 | |a Miková, Z. | |